• 首页
  • 本馆介绍
  • 公告通知
  • 最新文献
  • 馆藏检索
  • 电子资源
  • 读者导购
  • 参考咨询
  • 我的图书馆
  • 登录
  • 详细信息显示
  • 放入我的书架
  • 预约/预借图书
  • 作者相关作品
  • 分类相关作品
  • 丛书相关作品
  • 出版社相关作品

书目信息

  • 表格格式
  • 工作单格式
  • 卡片格式
题名:
小实验 大科学
    
 
作者: 关四彤 , 杨春庄 主编
分册:  
出版信息: 上海   上海教育出版社  2017
页数: 158页
开本: 26cm
丛书名: 爱科学丛书
单 册:
中图分类: N33-49
科图分类:
主题词: 科学实验--青少年读物
电子资源:
ISBN: 978-7-5444-7760-4
000 00865oam2 2200253 450
001 4057
005 20180527213756.54
010    @a978-7-5444-7760-4@dCNY60.00
100    @a20171222d2017 am y0chiy50 ea
101 0  @achi
102    @aCN@b310000
105    @aa z 000yy
200 1  @a小实验 大科学@9xiao shi yan da ke xue@f关四彤,杨春庄主编
210    @a上海@c上海教育出版社@d2017
215    @a158页@c图@d26cm
225 1  @a爱科学丛书
330    @a本书包含各类趣味科学小实验,实验虽“小”,但科学价值很“大”,例如:筷子提米、彩色对流、牛顿圈、上升的水面、棉花糖实验、弯曲的水流、平衡铅笔、双层气球、颜色转盘等。
461  0 @12001 @a爱科学丛书
606 0  @a科学实验@j青少年读物
690    @aN33-49@v5
701  0 @a关四彤@9guan si tong@4主编
701  0 @a杨春庄@9yang chun zhuang@4主编
801  0 @aCN@b91MARC@c20171222
905    @aMuseLib@dN33-49@e127
    
    小实验 大科学/关四彤,杨春庄主编.-上海:上海教育出版社,2017
    158页:图;26cm.-(爱科学丛书)
    
    
    ISBN 978-7-5444-7760-4:CNY60.00
    本书包含各类趣味科学小实验,实验虽“小”,但科学价值很“大”,例如:筷子提米、彩色对流、牛顿圈、上升的水面、棉花糖实验、弯曲的水流、平衡铅笔、双层气球、颜色转盘等。
●
相关链接 在E读中查询图书 在五车中查询图书 在当当中查询图书 在豆瓣中查询图书


正题名:小实验 大科学     索取号:N33-49/127         预约/预借

序号 登录号 条形码 馆藏地/架位号 状态 备注
1 1111726   211117263   第二样本阅览室/ [索取号:N33-49/127] 在馆    
2 1111727   211117272   教育系资料室/ [索取号:N33-49/127] 在馆    
3 1111728   211117281   教育系资料室/ [索取号:N33-49/127] 在馆    
4 1111729   211117290   第三借阅区/ [索取号:N33-49/127] 在馆    
唐山师范学院图书馆 欢迎您!
大连网信软件有限公司© 版权所有